Directrices voluntarias para la gestión sostenible de los suelos

Salvato in:
Dettagli Bibliografici
Enti autori: Organización de las Naciones Unidas para la Alimentación y la Agricultura (Autore), FAO (Autore)
Natura: Libro
Lingua:spagnolo
Pubblicazione: Roma FAO 2017
Edizione:1a. ed
Soggetti:
Tags: Aggiungi Tag
Nessun Tag, puoi essere il primo ad aggiungerne!!

MARC

LEADER 00000cam a2200000 a 4500
001 UCC8470
003 CL-VaPUC
008 190705e20170000it |||||||||||||||||spa|d
082 0 4 |a 333.7  |b ORG  |2 21 
110 2 |a Organización de las Naciones Unidas para la Alimentación y la Agricultura  |e author  |9 603157 
710 2 |a FAO  |e author  |9 603158 
245 1 0 |a Directrices voluntarias para la gestión sostenible de los suelos 
250 |a 1a. ed 
300 |a 16 p 
942 |c BK 
945 |d 20190705 13:21:00  |a dcastane 
260 |a Roma  |b FAO  |c 2017 
650 0 |a Sostenibilidad  |9 542300 
650 0 |a Medio ambiente  |9 257625 
650 0 |a Ecología   |9 258124 
583 |a last modification  |c 20190705 13:21:00  |k Rodrigo Vera 
999 |c 374797  |d 374795 
952 |0 0  |1 0  |3 erb  |4 0  |6 333_700000000000000_ORG_2017  |7 0  |8 A  |9 493513  |a BIBAGR  |b BIBAGR  |i 5593204  |o 333.7 ORG 2017  |p 5593204  |r 2025-01-20  |w 2019-11-24  |y BK  |z Catalogado en:20190705  |k AGR